日本の名字(苗字)ランキング500 - Statistics

General Stats
  • This quiz has been taken 173 times
  • The average score is 235 of 500
Answer Stats
順位 名字 % Correct
1位 佐藤
98%
2位 鈴木
98%
4位 田中
95%
3位 高橋
92%
22位
92%
7位 山本
91%
12位 山田
91%
245位 西
89%
5位 伊藤
88%
8位 中村
88%
10位 加藤
88%
122位 中田
88%
6位 渡辺
86%
15位 松本
86%
18位
86%
63位
86%
210位
86%
9位 小林
85%
11位 吉田
85%
26位 石川
85%
53位 松田
85%
58位 和田
85%
43位 太田
83%
59位 石田
83%
13位 佐々木
82%
16位 井上
82%
34位 藤田
82%
60位 森田
82%
102位 島田
82%
127位
82%
14位 山口
80%
19位 斎藤
80%
21位 山崎
80%
25位 阿部
80%
32位 岡田
80%
36位 近藤
80%
81位 村田
80%
448位 大田
80%
52位 中川
78%
61位 上田
78%
71位 大野
78%
31位 前田
77%
40位 坂本
77%
49位 中野
77%
51位 原田
77%
272位
77%
17位 木村
75%
24位 橋本
75%
38位 遠藤
75%
41位 斉藤
75%
125位 岩田
75%
20位 清水
74%
42位 福田
74%
57位 中山
74%
72位 小島
74%
121位 平田
74%
131位 本田
74%
412位 長野
74%
23位 池田
72%
30位 小川
72%
90位 松井
72%
254位 齋藤
72%
499位
72%
27位 山下
71%
29位 石井
71%
62位 内田
71%
95位 久保
71%
128位 福島
71%
169位
71%
170位 大島
71%
189位 小田
71%
200位
71%
327位
71%
28位 中島
69%
48位 藤原
69%
55位 小野
69%
56位 田村
69%
76位 高田
69%
156位 大谷
69%
228位 大山
69%
39位 青木
68%
44位 西村
68%
65位 酒井
68%
66位 宮崎
68%
89位 武田
68%
108位 吉川
68%
112位 西田
68%
119位 川口
68%
153位 野田
68%
33位 長谷川
66%
47位 岡本
66%
69位 安藤
66%
96位 野村
66%
129位 川崎
66%
181位 宮田
66%
196位 福井
66%
328位 川田
66%
35位 後藤
65%
37位 村上
65%
45位 藤井
65%
109位 渡部
65%
113位 西川
65%
144位 浜田
65%
92位 千葉
63%
137位 吉村
63%
362位 下田
63%
75位 工藤
62%
94位 木下
62%
106位 桜井
62%
111位 飯田
62%
116位 北村
62%
120位
62%
161位 永田
62%
248位 竹田
62%
311位 杉田
62%
339位 新田
62%
80位 新井
60%
88位 上野
60%
107位 高野
60%
117位 安田
60%
159位 黒田
60%
206位 沢田
60%
253位 坂井
60%
267位 大川
60%
293位 戸田
60%
313位 松山
60%
64位 柴田
58%
68位 高木
58%
70位 宮本
58%
83位 小山
58%
134位 永井
58%
162位 荒井
58%
203位 川島
58%
250位 坂田
58%
260位 中井
58%
294位 津田
58%
310位 金田
58%
375位 北野
58%
482位 渡邊
58%
46位 金子
57%
54位 竹内
57%
77位 増田
57%
79位 杉山
57%
97位 佐野
57%
130位
57%
184位 高山
57%
270位 長田
57%
315位 西野
57%
374位 藤川
57%
449位 澤田
57%
85位 藤本
55%
114位 菊池
55%
123位 久保田
55%
149位 大久保
55%
183位 吉野
55%
217位 河合
55%
223位 青山
55%
234位 多田
55%
242位 白井
55%
275位 安部
55%
345位 大村
55%
418位 福岡
55%
427位 大原
55%
468位 倉田
55%
50位 三浦
54%
74位 今井
54%
99位 市川
54%
139位 川上
54%
140位 石原
54%
188位 伊東
54%
84位 平野
52%
133位 秋山
52%
147位 浅野
52%
171位 平井
52%
216位 北川
52%
238位 田島
52%
259位 森下
52%
273位 大沢
52%
364位 塚田
52%
73位 谷口
51%
82位 大塚
51%
86位 野口
51%
87位 河野
51%
100位 杉本
51%
103位 古川
51%
213位 | 458位 奥田
51%
258位 神田
51%
314位 堀田
51%
361位 松島
51%
420位 田原
51%
98位 松尾
49%
135位 田口
49%
143位 松岡
49%
148位 矢野
49%
173位 菅野
49%
185位 須藤
49%
209位 富田
49%
237位 豊田
49%
261位 植田
49%
264位 宮川
49%
301位
49%
322位
49%
334位 古田
49%
335位 梅田
49%
341位 村井
49%
426位 永野
49%
93位 菅原
48%
104位 大西
48%
115位 小松
48%
146位 森本
48%
154位 内藤
48%
172位 西山
48%
224位 小倉
48%
307位 中原
48%
331位 山川
48%
343位 土田
48%
372位 栗田
48%
452位 石山
48%
491位 原口
48%
67位 横山
46%
78位 丸山
46%
101位 菊地
46%
118位 五十嵐
46%
165位 松村
46%
182位 大石
46%
190位 上原
46%
197位 小泉
46%
198位 大森
46%
211位 小沢
46%
220位 白石
46%
222位 寺田
46%
271位 若林
46%
392位 高島
46%
442位 沼田
46%
500位 小嶋
46%
105位 水野
45%
136位 山中
45%
141位 大橋
45%
155位 荒木
45%
164位 田辺
45%
166位 川村
45%
176位 横田
45%
233位 坂口
45%
246位 塚本
45%
255位 浅井
45%
265位 河村
45%
276位 堀内
45%
300位 町田
45%
303位 岩井
45%
321位 大竹
45%
329位 須田
45%
352位 長島
45%
376位 藤野
45%
399位 高井
45%
431位 篠田
45%
145位 星野
43%
152位 吉岡
43%
174位 広瀬
43%
175位 石橋
43%
178位 岩本
43%
230位 足立
43%
232位 岡村
43%
257位 小原
43%
288位 森山
43%
309位 中沢
43%
349位 宮城
43%
367位 奥野
43%
370位 嶋田
43%
422位 浅田
43%
430位 林田
43%
475位 松野
43%
484位 吉井
43%
142位 馬場
42%
150位 松下
42%
157位 松浦
42%
167位 栗原
42%
193位 古賀
42%
195位 松原
42%
218位 平山
42%
240位 角田
42%
312位 米田
42%
320位 西岡
42%
332位 黒木
42%
336位 大城
42%
347位 井口
42%
395位 藤沢
42%
466位 川野
42%
91位 岩崎
40%
110位 山内
40%
138位 中西
40%
179位 関口
40%
187位 岡崎
40%
191位 鎌田
40%
202位 成田
40%
266位 前川
40%
281位 中谷
40%
287位 岡野
40%
338位 三木
40%
340位 金城
40%
387位 藤岡
40%
389位 平川
40%
435位 北原
40%
446位 長岡
40%
447位 山岡
40%
483位 日野
40%
132位 樋口
38%
160位 尾崎
38%
177位 萩原
38%
180位 片山
38%
227位 上村
38%
229位 小野寺
38%
235位 佐久間
38%
241位 村山
38%
249位 神谷
38%
284位 本多
38%
285位 荒川
38%
291位 今野
38%
297位 森川
38%
319位 黒川
38%
323位 大木
38%
344位 滝沢
38%
353位 吉原
38%
356位 安井
38%
369位 広田
38%
404位 川本
38%
406位 横井
38%
417位 黒沢
38%
424位 柳田
38%
459位 園田
38%
201位 内山
37%
215位 松永
37%
239位 飯塚
37%
251位 水谷
37%
269位 松崎
37%
279位 中嶋
37%
280位 江口
37%
351位 比嘉
37%
379位 川原
37%
380位 谷川
37%
402位 小澤
37%
403位 山村
37%
410位 小森
37%
454位 島崎
37%
476位 西原
37%
481位 北島
37%
124位 服部
35%
151位 小池
35%
194位 小西
35%
225位 中尾
35%
262位 小笠原
35%
268位 飯島
35%
282位 山根
35%
318位 佐伯
35%
377位 宇野
35%
381位 小谷
35%
457位 二宮
35%
474位 福原
35%
479位 小坂
35%
496位 田上
35%
126位 土屋
34%
163位 望月
34%
192位 篠原
34%
226位 渋谷
34%
243位 武藤
34%
256位 岡部
34%
296位 安達
34%
365位 向井
34%
413位 志村
34%
490位 徳田
34%
158位 熊谷
32%
186位 本間
32%
199位 | 423位 奥村
32%
221位 今村
32%
236位 根本
32%
247位 宮下
32%
298位 土井
32%
355位 金沢
32%
373位 福本
32%
391位 藤村
32%
397位 宮原
32%
408位 吉沢
32%
462位 花田
32%
472位 河原
32%
168位 早川
31%
231位 天野
31%
244位 榎本
31%
299位 村松
31%
317位 三好
31%
383位 吉本
31%
384位 竹下
31%
385位 古谷
31%
388位 緒方
31%
428位 瀬戸
31%
445位 高松
31%
485位 谷本
31%
204位 杉浦
29%
277位 田代
29%
283位 岸本
29%
289位 金井
29%
295位 落合
29%
308位 野崎
29%
357位 庄司
29%
368位 西本
29%
390位 亀井
29%
456位 堀川
29%
461位 平岡
29%
487位 千田
29%
498位 浜野
29%
205位 桑原
28%
286位 西尾
28%
348位 梶原
28%
394位 篠崎
28%
396位 窪田
28%
401位 下村
28%
414位 宮沢
28%
488位 西沢
28%
207位 片岡
26%
208位 三宅
26%
214位 関根
26%
302位 三上
26%
304位 畠山
26%
305位
26%
306位 長尾
26%
324位 甲斐
26%
358位 大内
26%
400位 高瀬
26%
411位 竹村
26%
421位 稲田
26%
429位 冨田
26%
432位 手塚
26%
438位 富永
26%
455位 柏木
26%
470位 長沢
26%
497位 新谷
26%
219位 牧野
25%
252位 児玉
25%
290位 細川
25%
292位 稲葉
25%
337位 野中
25%
342位 奥山
25%
360位 荻野
25%
363位 日高
25%
386位 竹本
25%
405位 柳沢
25%
407位 武井
25%
409位 出口
25%
433位 大平
25%
441位 鶴田
25%
450位 石崎
25%
473位 秋元
25%
478位 笠井
25%
480位 田畑
25%
486位 深沢
25%
212位 八木
23%
263位 稲垣
23%
278位 及川
23%
325位 笠原
23%
346位 川端
23%
350位 大場
23%
371位 竹中
23%
436位 矢島
23%
440位 湯浅
23%
443位 堀口
23%
467位 内海
23%
330位 徳永
22%
354位 宮内
22%
359位 茂木
22%
382位 青柳
22%
393位 三輪
22%
453位 池上
22%
469位 片桐
22%
471位 野沢
22%
477位 越智
22%
274位 石塚
20%
316位 山岸
20%
326位 堀江
20%
415位 平松
20%
419位 溝口
20%
463位 杉原
20%
464位 加納
20%
378位 丹羽
18%
425位 筒井
18%
444位 岩瀬
18%
460位 相馬
18%
451位 大槻
17%
465位 村瀬
17%
489位 相沢
17%
494位 小柳
17%
333位 榊原
15%
366位 石黒
15%
398位 根岸
15%
434位 入江
15%
416位 臼井
14%
439位 小出
14%
495位 今泉
14%
493位 米山
12%
437位 福永
11%
492位 細谷
8%
No matching quizzes found
Score Distribution
Percent of People with Each Score
Percentile by Number Answered
Your Score History
You have not taken this quiz